[Event "4NCL/Div4/WEA1 vs. ADD"]
[Site "West Bromwich ENG"]
[Date "2006.12.03"]
[Round "4.5"]
[White "Bucher, Grant W"]
[Black "Davda, Rahil"]
[Result "1-0"]
[WhiteElo "1855"]
[BlackElo "1855"]
[PlyCount "95"]
[EventDate "2006.12.03"]
[EventType "team"]
[EventRounds "11"]
[EventCountry "ENG"]
[WhiteTeam "W Collective 1"]
[BlackTeam "Addlestone"]

1. e4 c5 2. Nf3 Nc6 3. d4 cxd4 4. Nxd4 Nf6 5. Nc3 e5 6. Ndb5 d6 7. Bg5 a6 8.
Na3 b5 9. Nd5 Be6 10. c3 Be7 11. Bxf6 Bxf6 12. Nc2 Bxd5 13. exd5 Nb8 14. Nb4
O-O 15. a4 bxa4 16. Qxa4 a5 17. Bd3 e4 18. Bc2 e3 19. fxe3 Qe7 20. O-O Qxe3+
21. Kh1 Qe8 22. Nc6 Qe2 23. Rae1 Qh5 24. Rf5 Qh4 25. Qxh4 Bxh4 26. Rh5 Nxc6 27.
Rxh4 Rfe8 28. Rxe8+ Rxe8 29. Kg1 Ne7 30. Bxh7+ Kf8 31. Be4 f6 32. Rh8+ Kf7 33.
Rxe8 Kxe8 34. Kf2 Kd7 35. Ke3 f5 36. Bf3 g5 37. g3 Ng6 38. Kd4 Ne5 39. Bd1 g4
40. Bc2 Nf3+ 41. Ke3 Nxh2 42. Bxf5+ Ke7 43. Kf4 Kf6 44. Bxg4 Nf1 45. Be2 Nd2
46. g4 a4 47. g5+ Kf7 48. Bd3 1-0

[Event "4NCL/Div4/OXF3 vs. GUI5"]
[Site "West Bromwich ENG"]
[Date "2006.12.03"]
[Round "4.1"]
[White "Morris, Graham"]
[Black "Shaw, Matthew"]
[Result "1-0"]
[WhiteElo "2035"]
[BlackElo "1920"]
[PlyCount "89"]
[EventDate "2006.12.03"]
[EventType "team"]
[EventRounds "11"]
[EventCountry "ENG"]
[WhiteTeam "Oxford 3"]
[BlackTeam "Guildford-ADC 5"]

1. e4 e6 2. d3 d5 3. Nd2 c5 4. Ngf3 Nc6 5. g3 Bd6 6. Bg2 Nge7 7. O-O O-O 8. Re1
Qc7 9. c3 d4 10. Nc4 e5 11. Nh4 b5 12. Nxd6 Qxd6 13. a4 b4 14. c4 Bd7 15. f4
Ng6 16. Nf5 Qf6 17. fxe5 Qxe5 18. Rf1 Rae8 19. Bd2 Qc7 20. b3 Nce5 21. Bg5 f6
22. Bc1 Ne7 23. Ra2 Nxf5 24. exf5 Bc6 25. Raf2 Qb7 26. Bxc6 Qxc6 27. Rf4 Re7
28. Re4 Rfe8 29. Bf4 Nf7 30. Rxe7 Rxe7 31. Re1 Qe8 32. Kf2 Ne5 33. Kf1 Qc6 34.
Re4 Qe8 35. Qe2 Kf8 36. Kg1 Nf7 37. Rxe7 Qxe7 38. Qxe7+ Kxe7 39. Kf2 Ne5 40.
Bxe5 fxe5 41. Kf3 h5 42. Ke4 Kf6 43. h3 a5 44. h4 g5 45. fxg6 1-0

[Event "4NCL/Div4/OXF3 vs. GUI5"]
[Site "West Bromwich ENG"]
[Date "2006.12.03"]
[Round "4.2"]
[White "Chapman, Timothy J"]
[Black "Terry, Sean"]
[Result "0-1"]
[WhiteElo "1840"]
[BlackElo "2040"]
[PlyCount "94"]
[EventDate "2006.12.03"]
[EventType "team"]
[EventRounds "11"]
[EventCountry "ENG"]
[WhiteTeam "Guildford-ADC 5"]
[BlackTeam "Oxford 3"]

1. e4 Nf6 2. e5 Nd5 3. d4 d6 4. c4 Nb6 5. exd6 exd6 6. Nc3 Bf5 7. Qf3 Bd7 8.
Bd3 Nc6 9. Qe3+ Qe7 10. b3 Nxd4 11. Nge2 Qxe3 12. Bxe3 Nxe2 13. Bxe2 Bc6 14.
O-O O-O-O 15. a4 Kb8 16. a5 Nc8 17. Nd5 Ne7 18. Rfd1 Nf5 19. Bc1 Re8 20. Kf1 g6
21. Bb2 Bg7 22. Bxg7 Nxg7 23. b4 Re4 24. b5 Bxd5 25. cxd5 Rhe8 26. Bf3 Rb4 27.
Rdb1 Rxb1+ 28. Rxb1 Nf5 29. g3 Nd4 30. Bg2 Kc8 31. Rb4 Nf5 32. Rb1 Re5 33. Rd1
h5 34. h3 Nh6 35. Rd3 f5 36. f4 Re7 37. Kf2 Ng8 38. Rd4 Nf6 39. Bh1 Kd7 40. Rc4
Kd8 41. Bf3 Nd7 42. Rd4 Nc5 43. Bg2 Kd7 44. Bf3 Re8 45. Bg2 a6 46. Bf1 axb5 47.
Bxb5+ c6 0-1

[Event "4NCL/Div4/OXF3 vs. GUI5"]
[Site "West Bromwich ENG"]
[Date "2006.12.03"]
[Round "4.3"]
[White "Hadi, Justin"]
[Black "Gunn, Michael J"]
[Result "1-0"]
[WhiteElo "1925"]
[BlackElo "1800"]
[PlyCount "99"]
[EventDate "2006.12.03"]
[EventType "team"]
[EventRounds "11"]
[EventCountry "ENG"]
[WhiteTeam "Oxford 3"]
[BlackTeam "Guildford-ADC 5"]

1. e4 e6 2. d4 d5 3. e5 c5 4. c3 Nc6 5. Nf3 Bd7 6. Be2 Nge7 7. Na3 cxd4 8. cxd4
Nf5 9. Nc2 Rc8 10. a3 Na5 11. Ne3 Nxe3 12. fxe3 Be7 13. O-O O-O 14. Nd2 f6 15.
exf6 Bxf6 16. b4 Nc4 17. Bxc4 dxc4 18. Ne4 Bc6 19. Nc5 Qe7 20. Qg4 Rfe8 21. Ra2
b6 22. Raf2 bxc5 23. Rxf6 Rf8 24. Qxe6+ Qxe6 25. Rxe6 Rxf1+ 26. Kxf1 cxd4 27.
exd4 Rf8+ 28. Kg1 Bb5 29. Re5 a6 30. h3 c3 31. Re1 Bc4 32. Be3 h5 33. Rc1 Bb5
34. Rxc3 Rf1+ 35. Kh2 Rd1 36. Kg3 Rd3 37. Rxd3 Bxd3 38. h4 Kf7 39. Kf4 Kf6 40.
d5 g6 41. Bd4+ Ke7 42. Ke5 Kd7 43. a4 Bc4 44. Bc5 Bb3 45. b5 axb5 46. a5 b4 47.
a6 Kc7 48. d6+ Kc6 49. a7 Kb7 50. d7 1-0

[Event "4NCL/Div4/OXF3 vs. GUI5"]
[Site "West Bromwich ENG"]
[Date "2006.12.03"]
[Round "4.4"]
[White "Mills, Nigel"]
[Black "Messam-Sparkes, Lateefah"]
[Result "0-1"]
[WhiteElo "1705"]
[BlackElo "1855"]
[PlyCount "52"]
[EventDate "2006.12.03"]
[EventType "team"]
[EventRounds "11"]
[EventCountry "ENG"]
[WhiteTeam "Guildford-ADC 5"]
[BlackTeam "Oxford 3"]

1. e4 c5 2. Nf3 d6 3. d4 cxd4 4. Nxd4 Nf6 5. Nc3 g6 6. Bg5 Bg7 7. Qd2 h6 8.
Bxf6 Bxf6 9. Bb5+ Bd7 10. f4 Nc6 11. Nb3 a6 12. Be2 Rc8 13. a3 Na5 14. Nd4 Nc4
15. Bxc4 Rxc4 16. Nde2 Bg4 17. e5 dxe5 18. Qxd8+ Kxd8 19. b3 Rc6 20. Rd1+ Kc8
21. Nd5 Rxc2 22. Rc1 Rxc1+ 23. Nxc1 Rd8 24. Ne3 Be6 25. O-O exf4 26. Rxf4 Bg5
0-1

[Event "4NCL/Div4/OXF3 vs. GUI5"]
[Site "West Bromwich ENG"]
[Date "2006.12.03"]
[Round "4.5"]
[White "Henbest, Kevin B"]
[Black "Hale, Stephanie"]
[Result "1-0"]
[WhiteElo "1800"]
[BlackElo "1625"]
[PlyCount "147"]
[EventDate "2006.12.03"]
[EventType "team"]
[EventRounds "11"]
[EventCountry "ENG"]
[WhiteTeam "Oxford 3"]
[BlackTeam "Guildford-ADC 5"]

1. e4 e5 2. Nf3 Nc6 3. Bb5 Nf6 4. O-O Bc5 5. c3 Nxe4 6. d4 Bb6 7. Nbd2 Nxd2 8.
Qxd2 e4 9. Re1 d5 10. Ne5 Qf6 11. Qf4 Qe6 12. Qg3 O-O 13. Bf4 Nxe5 14. Bxe5 f6
15. Bxc7 Bxc7 16. Qxc7 a6 17. Ba4 f5 18. Bb3 f4 19. f3 Qg6 20. Bxd5+ Kh8 21.
Bxe4 Bf5 22. Bxf5 Qxf5 23. Re7 Qf6 24. Rae1 Rab8 25. Qd7 Qg6 26. R1e6 Qd3 27.
Re8 Qb5 28. Rxf8+ Rxf8 29. Qxb5 axb5 30. Re7 Rb8 31. Re5 h6 32. Rxb5 g5 33. Rb6
Kg7 34. Kf2 Re8 35. Rxb7+ Kg8 36. c4 Rd8 37. d5 Kf8 38. Ke2 Re8+ 39. Kd2 Re3
40. b4 Ra3 41. d6 Rxa2+ 42. Kd3 Ke8 43. g3 Rxh2 44. gxf4 gxf4 45. Ke4 h5 46. c5
h4 47. Kxf4 h3 48. Kg3 Rh1 49. Rh7 Rg1+ 50. Kh2 Rg2+ 51. Kxh3 Rg1 52. Kh2 Rg5
53. Rc7 Kd8 54. Kh3 Rg6 55. Kh4 Ke8 56. f4 Kd8 57. f5 Rg8 58. b5 Rg1 59. b6 Rg2
60. b7 Rh2+ 61. Kg3 Rb2 62. Rc8+ Kd7 63. c6+ Kxd6 64. b8=Q+ Rxb8 65. Rxb8 Kxc6
66. Rd8 Kc7 67. Rd1 Kc6 68. f6 Kc5 69. f7 Kc4 70. f8=Q Kc3 71. Qc8+ Kb2 72. Rd7
Kb3 73. Rb7+ Ka4 74. Qa8# 1-0

[Event "4NCL/Div4/OXF3 vs. GUI5"]
[Site "West Bromwich ENG"]
[Date "2006.12.03"]
[Round "4.6"]
[White "Hale, Peter"]
[Black "Wang, Maria"]
[Result "0-1"]
[WhiteElo "1585"]
[BlackElo "1705"]
[PlyCount "46"]
[EventDate "2006.12.03"]
[EventType "team"]
[EventRounds "11"]
[EventCountry "ENG"]
[WhiteTeam "Guildford-ADC 5"]
[BlackTeam "Oxford 3"]

1. e4 e6 2. d4 d5 3. e5 c5 4. c3 Nc6 5. Nf3 Qb6 6. Qa4 Bd7 7. Bb5 a6 8. Na3 c4
9. b3 Bxa3 10. Bxc6 Bxc6 11. Qxa3 Bb5 12. Rb1 Qc7 13. Qb4 cxb3 14. axb3 b6 15.
Ba3 Bd3 16. Qf8+ Kd7 17. Qxa8 Bxb1 18. Bd6 Qxc3+ 19. Nd2 Bd3 20. Qb7+ Kd8 21.
Qxb6+ Kc8 22. Kd1 Qc2+ 23. Ke1 Qc1# 0-1

[Event "4NCL/Div4/WEA2 vs. BCA"]
[Site "West Bromwich ENG"]
[Date "2006.12.03"]
[Round "4.1"]
[White "Bayliss, Lyall C P"]
[Black "Mordue, A Tyson"]
[Result "0-1"]
[WhiteElo "2000"]
[BlackElo "2299"]
[PlyCount "100"]
[EventDate "2006.12.03"]
[EventType "team"]
[EventRounds "11"]
[EventCountry "ENG"]
[WhiteTeam "W Collective 2"]
[BlackTeam "Braille C A"]

1. e4 c5 2. c3 d5 3. exd5 Qxd5 4. d4 e6 5. Nf3 Nf6 6. Be3 Nc6 7. c4 Qd8 8. dxc5
Qxd1+ 9. Kxd1 Ng4 10. Bd3 Nxe3+ 11. fxe3 Bxc5 12. Ke2 O-O 13. Nc3 f5 14. a3 a5
15. Na4 Ba7 16. c5 Bd7 17. Bc4 Kh8 18. Rhd1 Rad8 19. Ng5 Ne5 20. Bb3 Bb5+ 21.
Kf2 Rxd1 22. Rxd1 Nd3+ 23. Kg1 Nxc5 24. Nxc5 Bxc5 25. Kh1 Be7 26. Nxe6 Rc8 27.
Nd4 Bd7 28. Nf3 Be8 29. Be6 Rc2 30. b3 g6 31. Nd4 Rc3 32. Bd5 b6 33. a4 Rxe3
34. Bc4 Kg7 35. Ne6+ Kf6 36. Nc7 Bc6 37. Nd5+ Bxd5 38. Bxd5 Bc5 39. h3 h5 40.
Bc4 g5 41. Rf1 g4 42. hxg4 hxg4 43. Kh2 g3+ 44. Kh3 Bd6 45. Rd1 Bf4 46. Rd4 Kg5
47. Rd8 Re1 48. Rg8+ Kh6 49. Rh8+ Kg7 50. Rg8+ Kh7 0-1

[Event "4NCL/Div4/WEA2 vs. BCA"]
[Site "West Bromwich ENG"]
[Date "2006.12.03"]
[Round "4.2"]
[White "Ross, Chris"]
[Black "Lunn, Matt"]
[Result "1-0"]
[WhiteElo "2129"]
[BlackElo "1865"]
[PlyCount "93"]
[EventDate "2006.12.03"]
[EventType "team"]
[EventRounds "11"]
[EventCountry "ENG"]
[WhiteTeam "Braille C A"]
[BlackTeam "W Collective 2"]

1. d4 Nf6 2. Nf3 d5 3. c4 e6 4. Nc3 Bb4 5. Bg5 Nbd7 6. e3 c6 7. cxd5 exd5 8.
Bd3 Qc7 9. Qc2 h6 10. Bh4 O-O 11. O-O Re8 12. Rac1 Bxc3 13. Qxc3 Ne4 14. Qc2
Ndf6 15. b4 Qd6 16. b5 Bd7 17. bxc6 Bxc6 18. Ne5 Rac8 19. Qb2 Qe6 20. Nxc6 bxc6
21. Qa3 Rc7 22. Rc2 g5 23. Bg3 Nxg3 24. hxg3 Rb8 25. Rfc1 Rb6 26. Rb2 Nd7 27.
Rxb6 Nxb6 28. Qc3 Nc8 29. Rb1 Qd7 30. Ba6 Ne7 31. Rb8+ Kg7 32. Qb4 g4 33. Ra8
Ng6 34. Qb8 h5 35. Bd3 Rb7 36. Qg8+ Kf6 37. Rd8 Qe7 38. Re8 Qd7 39. Rd8 Qe7 40.
Re8 Qd7 41. Bxg6 fxg6 42. Qf8+ Qf7 43. Qd6+ Kg7 44. Re6 Rb1+ 45. Kh2 Qxf2 46.
Qe5+ Kh6 47. Qh8+ 1-0

[Event "4NCL/Div4/WEA2 vs. BCA"]
[Site "West Bromwich ENG"]
[Date "2006.12.03"]
[Round "4.3"]
[White "Galliano, Alex"]
[Black "Armstrong, William G"]
[Result "1/2-1/2"]
[WhiteElo "1885"]
[BlackElo "1955"]
[PlyCount "96"]
[EventDate "2006.12.03"]
[EventType "team"]
[EventRounds "11"]
[EventCountry "ENG"]
[WhiteTeam "W Collective 2"]
[BlackTeam "Braille C A"]

1. e4 c5 2. c3 d5 3. exd5 Nf6 4. c4 e6 5. dxe6 Bxe6 6. Nf3 Nc6 7. Nc3 Bd6 8. d3
O-O 9. Be2 Re8 10. O-O a6 11. Bg5 Be7 12. Qd2 Qc7 13. Bf4 Bd6 14. Bxd6 Qxd6 15.
Rad1 Rad8 16. Rfe1 Bf5 17. a3 Ng4 18. h3 Nge5 19. Nh4 Bg6 20. Nxg6 Qxg6 21. Nd5
Nd4 22. Kf1 Qd6 23. Kg1 Re6 24. f4 Nec6 25. Bg4 Ree8 26. Rxe8+ Rxe8 27. Re1
Rxe1+ 28. Qxe1 Kf8 29. Kh1 f5 30. Bh5 g6 31. Bd1 Ne7 32. Nxe7 Qxe7 33. Qxe7+
Kxe7 34. Kg1 Kf6 35. Kf2 b6 36. b4 a5 37. Ke3 h6 38. bxa5 bxa5 39. g4 Ke6 40.
gxf5+ gxf5 41. Kf2 Kf6 42. Kg3 Ne6 43. Bf3 Nd4 44. Bd1 Ne6 45. Ba4 Nd4 46. Bb5
Ne2+ 47. Kf2 Nxf4 48. Ke3 Nxh3 1/2-1/2

[Event "4NCL/Div4/WEA2 vs. BCA"]
[Site "West Bromwich ENG"]
[Date "2006.12.03"]
[Round "4.4"]
[White "Wragg, Norman"]
[Black "Jones, William"]
[Result "0-1"]
[WhiteElo "1860"]
[BlackElo "1865"]
[PlyCount "66"]
[EventDate "2006.12.03"]
[EventType "team"]
[EventRounds "11"]
[EventCountry "ENG"]
[WhiteTeam "Braille C A"]
[BlackTeam "W Collective 2"]

1. e4 c5 2. Nc3 Nc6 3. g3 g6 4. d3 Bg7 5. Be3 d6 6. Qd2 e6 7. Bg2 h6 8. Nge2
Nd4 9. O-O Qa5 10. Nc1 Ne7 11. Nb3 Qb4 12. Rac1 Nec6 13. Nd1 Qxd2 14. Bxd2 Ne2+
15. Kh1 Nxc1 16. Bxc1 Nb4 17. Ne3 O-O 18. a3 Nc6 19. c3 Rb8 20. f4 f5 21. Nc4
Rd8 22. Be3 d5 23. Ncd2 b6 24. e5 Ba6 25. c4 dxc4 26. dxc4 Nd4 27. Bxd4 cxd4
28. Rc1 Bf8 29. c5 bxc5 30. Nxc5 Bxc5 31. Rxc5 Rxb2 32. Nc4 Bxc4 33. Rxc4 Rb1+
0-1

[Event "4NCL/Div4/WEA2 vs. BCA"]
[Site "West Bromwich ENG"]
[Date "2006.12.03"]
[Round "4.5"]
[White "Jones, Victor"]
[Black "Thacker, Steve M"]
[Result "0-1"]
[WhiteElo "1830"]
[BlackElo "1775"]
[PlyCount "110"]
[EventDate "2006.12.03"]
[EventType "team"]
[EventRounds "11"]
[EventCountry "ENG"]
[WhiteTeam "W Collective 2"]
[BlackTeam "Braille C A"]

1. e4 e6 2. d4 d5 3. Nd2 c5 4. exd5 Qxd5 5. Ngf3 cxd4 6. Bc4 Qd8 7. O-O Nf6 8.
Nb3 Be7 9. Qe2 O-O 10. Nfxd4 Bd7 11. Re1 Re8 12. Bd2 Nc6 13. Bc3 Qc8 14. Rad1
a6 15. Nxc6 Bxc6 16. Be5 b5 17. Bd3 Bd8 18. Nd4 Bd5 19. g4 h6 20. f4 Nd7 21. g5
Nxe5 22. Qxe5 Bc7 23. Qe3 Qb8 24. Rf1 hxg5 25. fxg5 Bxh2+ 26. Kf2 Qf4+ 27. Qxf4
Bxf4 28. g6 f6 29. Ke2 Be5 30. c3 Kf8 31. Nf3 Bf4 32. Rh1 Bh6 33. a3 Rad8 34.
Rdg1 Bxf3+ 35. Kxf3 Rxd3+ 36. Ke2 Red8 37. Re1 e5 38. Kf2 Rd2+ 39. Kf3 Rxb2 40.
Rh3 Rd3+ 41. Ke4 Rxh3 42. Kf5 Rf3+ 43. Ke6 Rxc3 44. Rd1 Rd2 45. Rh1 Rxa3 46.
Rc1 Rd6+ 47. Kxd6 Bxc1 48. Kc5 Ke7 49. Kb4 e4 50. Kc5 e3 51. Kd4 e2 52. Kc5
e1=Q 53. Kb6 Qe6+ 54. Kc5 Be3+ 55. Kb4 Qb3# 0-1

[Event "4NCL/Div4/WEA2 vs. BCA"]
[Site "West Bromwich ENG"]
[Date "2006.12.03"]
[Round "4.6"]
[White "Murphy, Richard L"]
[Black "Maguire, Robert"]
[Result "0-1"]
[WhiteElo "1745"]
[BlackElo "1795"]
[PlyCount "106"]
[EventDate "2006.12.03"]
[EventType "team"]
[EventRounds "11"]
[EventCountry "ENG"]
[WhiteTeam "Braille C A"]
[BlackTeam "W Collective 2"]

1. e4 e5 2. Nf3 Nc6 3. Bb5 Nf6 4. d3 d6 5. O-O Bd7 6. Nc3 a6 7. Ba4 b5 8. Bb3
Bg4 9. Be3 Ne7 10. Bg5 Ng6 11. Bxf6 Qxf6 12. Nd5 Qd8 13. Ne3 Bd7 14. c3 Be7 15.
d4 Bg5 16. Nxg5 Qxg5 17. dxe5 Qxe5 18. Qd5 O-O 19. Qxe5 Nxe5 20. Rad1 Bc6 21.
Nd5 Bxd5 22. Bxd5 Rab8 23. f4 Ng4 24. Rfe1 b4 25. cxb4 Rxb4 26. b3 Re8 27. Rc1
Nf6 28. Bc6 Re7 29. e5 dxe5 30. fxe5 Ng4 31. Rcd1 h6 32. Rd8+ Kh7 33. Ra8 Nxe5
34. Be4+ g6 35. Rxa6 f5 36. Ba8 Nf3+ 37. Bxf3 Rxe1+ 38. Kf2 Ra1 39. Rc6 Rxa2+
40. Ke3 Rxb3+ 41. Kd4 Ra4+ 42. Ke5 Rb5+ 43. Ke6 Rb6 44. Kd7 Rxc6 45. Kxc6 Rc4+
46. Kd5 Rc1 47. Kd4 c5+ 48. Kd3 Kg7 49. Kd2 Ra1 50. Kc3 Ra3+ 51. Kc4 Rxf3 52.
gxf3 Kf6 53. Kxc5 Ke5 0-1

[Event "4NCL/Div4/WWKS2 vs. ATH2"]
[Site "West Bromwich ENG"]
[Date "2006.12.03"]
[Round "4.1"]
[White "Lloyd, Alan D"]
[Black "McLaughlin, Noel"]
[Result "1-0"]
[WhiteElo "2120"]
[BlackElo "1955"]
[PlyCount "71"]
[EventDate "2006.12.03"]
[EventType "team"]
[EventRounds "11"]
[EventCountry "ENG"]
[WhiteTeam "Warks Select 2"]
[BlackTeam "Athenaeum 2"]

1. c4 f5 2. Nc3 Nf6 3. g3 e5 4. Bg2 g6 5. Nf3 Nc6 6. O-O Bg7 7. Rb1 e4 8. Ne1
d5 9. cxd5 Nxd5 10. Nxd5 Qxd5 11. d3 Be6 12. Bg5 Qxa2 13. dxe4 h6 14. Be3 Rd8
15. Qc1 Nd4 16. Bxd4 Bxd4 17. Nc2 Bf6 18. Nb4 Qa5 19. Nd5 Bxd5 20. exd5 Kf7 21.
e4 fxe4 22. Bxe4 Qb6 23. Qf4 Qd6 24. Qg4 Rhg8 25. h4 h5 26. Qf3 Rde8 27. b4 a6
28. Bc2 Qe5 29. d6 Qxd6 30. Bb3+ Kg7 31. Bxg8 Kxg8 32. Rfd1 Qb6 33. Rd7 Qe6 34.
Rbd1 Rf8 35. Qf4 Be5 36. Qh6 1-0

[Event "4NCL/Div4/WWKS2 vs. ATH2"]
[Site "West Bromwich ENG"]
[Date "2006.12.03"]
[Round "4.3"]
[White "Cooper, David M"]
[Black "Hussain, Adrian"]
[Result "1-0"]
[WhiteElo "2075"]
[BlackElo "1800"]
[PlyCount "69"]
[EventDate "2006.12.03"]
[EventType "team"]
[EventRounds "11"]
[EventCountry "ENG"]
[WhiteTeam "Warks Select 2"]
[BlackTeam "Athenaeum 2"]

1. e4 c5 2. Nf3 d6 3. d4 cxd4 4. Qxd4 e5 5. Bb5+ Bd7 6. Bxd7+ Nxd7 7. Qd3 Ngf6
8. Nc3 Be7 9. Bg5 O-O 10. Bxf6 Nxf6 11. O-O a6 12. a4 Qc7 13. Rfd1 Rac8 14. Nd2
Rfd8 15. Nf1 Bf8 16. Ne3 g6 17. a5 Bh6 18. Ned5 Nxd5 19. Nxd5 Qxc2 20. Ne7+ Kg7
21. Nxc8 Qxc8 22. Ra3 Qc7 23. Qd5 Qe7 24. Rb3 Rd7 25. Rb6 Kg8 26. Rxd6 Rc7 27.
Rd7 Rxd7 28. Qxd7 Qb4 29. Qe8+ Bf8 30. Qxe5 Bg7 31. Rd8+ Bf8 32. g3 h5 33. h4
Kh7 34. Rd7 Kg8 35. Qd5 1-0

[Event "4NCL/Div4/WWKS2 vs. ATH2"]
[Site "West Bromwich ENG"]
[Date "2006.12.03"]
[Round "4.4"]
[White "Daggitt, Matthew"]
[Black "Hunt, Malcolm A"]
[Result "0-1"]
[WhiteElo "1780"]
[BlackElo "2089"]
[PlyCount "78"]
[EventDate "2006.12.03"]
[EventType "team"]
[EventRounds "11"]
[EventCountry "ENG"]
[WhiteTeam "Athenaeum 2"]
[BlackTeam "Warks Select 2"]

1. e4 e5 2. Nc3 Nf6 3. f4 d5 4. d3 Nc6 5. Nf3 dxe4 6. Nxe5 Bb4 7. Nxc6 bxc6 8.
Bd2 exd3 9. Bxd3 O-O 10. O-O Re8 11. Qf3 Qd6 12. h3 Rb8 13. Kh1 c5 14. a3 Bb7
15. Qf2 Bxc3 16. Bxc3 Ne4 17. Qh4 Qe7 18. Qxe7 Rxe7 19. Rae1 Rbe8 20. Bxe4 Bxe4
21. Be5 Bxc2 22. Rc1 Bd3 23. Rfd1 c4 24. b3 f6 25. bxc4 Be2 26. Re1 fxe5 27.
Rxe2 exf4 28. Rxe7 Rxe7 29. Rb1 Kf7 30. Kg1 g5 31. Kf2 Ke6 32. Kf3 Kd6 33. Kg4
h6 34. Rb7 Re2 35. Rxa7 Rxg2+ 36. Kf5 f3 37. Ra6+ c6 38. Rb6 f2 39. Rb1 Rg1 0-1

[Event "4NCL/Div4/MET vs. NOTT1"]
[Site "Sunningdale ENG"]
[Date "2007.02.10"]
[Round "5.1"]
[White "Noden, Nicolas"]
[Black "Richmond, Robert J"]
[Result "1/2-1/2"]
[WhiteElo "2185"]
[BlackElo "2227"]
[PlyCount "80"]
[EventDate "2007.02.10"]
[EventType "team"]
[EventRounds "11"]
[EventCountry "ENG"]

1. c4 f5 2. g3 Nf6 3. Bg2 d6 4. Nc3 g6 5. d3 Bg7 6. e4 fxe4 7. dxe4 Nc6 8. Nge2
O-O 9. O-O e5 10. h3 Be6 11. Nd5 Nd4 12. Be3 c5 13. g4 Nxd5 14. exd5 Nxe2+ 15.
Qxe2 Bd7 16. Qd2 b5 17. b3 Rb8 18. Bg5 Bf6 19. Bh6 Rf7 20. Be4 bxc4 21. bxc4
Rb4 22. Qd3 Be8 23. Kg2 Bh4 24. Bd2 Rb8 25. Rab1 Bf6 26. Rxb8 Qxb8 27. Rb1 Rb7
28. Rxb7 Qxb7 29. Qb3 Qb6 30. Bc3 Bg5 31. Bc2 Bd7 32. Qb1 Qxb1 33. Bxb1 Bd8 34.
Bc2 Kf7 35. Kg3 Bc8 36. h4 Ba6 37. Bd3 Bc8 38. Bc2 Ba6 39. Bd3 Bc8 40. Bc2 Ba6
1/2-1/2

[Event "4NCL/Div4/MET vs. NOTT1"]
[Site "Sunningdale ENG"]
[Date "2007.02.10"]
[Round "5.2"]
[White "Levens, David"]
[Black "Fogarasi, Norbert"]
[Result "1/2-1/2"]
[WhiteElo "2085"]
[BlackElo "2194"]
[PlyCount "73"]
[EventDate "2007.02.10"]
[EventType "team"]
[EventRounds "11"]
[EventCountry "ENG"]

1. e4 c5 2. Nf3 e6 3. d4 cxd4 4. Nxd4 Qb6 5. Nb3 Qc7 6. Nc3 a6 7. Bd3 b5 8. a3
Bb7 9. O-O Nf6 10. Qe2 d6 11. f4 Nbd7 12. g4 Nc5 13. g5 Nfd7 14. f5 e5 15. Be3
Be7 16. Nxc5 dxc5 17. Nd5 Bxd5 18. exd5 c4 19. Be4 Rd8 20. Qh5 Bc5 21. Rae1
Bxe3+ 22. Rxe3 Qc5 23. Rfe1 Nb6 24. g6 Nxd5 25. gxf7+ Ke7 26. Bxd5 Rxd5 27. Kh1
Qc6 28. Kg1 Qf6 29. a4 Rhd8 30. axb5 axb5 31. Ra3 R8d7 32. f8=Q+ Kxf8 33. Qxh7
Rd2 34. Rg3 Qb6+ 35. Kh1 Qc6+ 36. Kg1 Qb6+ 37. Kh1 1/2-1/2

[Event "4NCL/Div4/MET vs. NOTT1"]
[Site "Sunningdale ENG"]
[Date "2007.02.10"]
[Round "5.3"]
[White "Dickson, George"]
[Black "Mercs, Peter J"]
[Result "1-0"]
[WhiteElo "2174"]
[BlackElo "2066"]
[PlyCount "53"]
[EventDate "2007.02.10"]
[EventType "team"]
[EventRounds "11"]
[EventCountry "ENG"]

1. e4 c5 2. c3 Nf6 3. e5 Nd5 4. d4 cxd4 5. Nf3 e6 6. Bc4 d6 7. Bxd5 exd5 8.
cxd4 dxe5 9. Nxe5 Bb4+ 10. Nc3 O-O 11. O-O Nc6 12. Bf4 f6 13. Nxc6 bxc6 14. Qa4
Qb6 15. a3 Be7 16. Rfe1 Qb7 17. Rac1 Bf5 18. Nxd5 cxd5 19. Rc7 Qxb2 20. Rcxe7
g5 21. Qc6 Qxd4 22. Bd6 Be4 23. Bc5 Qc3 24. Qe6+ Kh8 25. Bb4 Qc8 26. Rxe4 dxe4
27. Qxe4 1-0

[Event "4NCL/Div4/MET vs. NOTT1"]
[Site "Sunningdale ENG"]
[Date "2007.02.10"]
[Round "5.4"]
[White "Truman, Richard G"]
[Black "Calvert, D Ian"]
[Result "1/2-1/2"]
[WhiteElo "2027"]
[BlackElo "2066"]
[PlyCount "72"]
[EventDate "2007.02.10"]
[EventType "team"]
[EventRounds "11"]
[EventCountry "ENG"]

1. d4 d5 2. c4 c6 3. Nf3 Nf6 4. Nc3 dxc4 5. a4 Bf5 6. Nh4 Bc8 7. e3 e5 8. Bxc4
exd4 9. exd4 Bd6 10. O-O O-O 11. h3 Nbd7 12. Nf3 Nb6 13. Bb3 Bf5 14. Nh4 Bd7
15. Qd3 Nbd5 16. Nf5 Nb4 17. Qf3 Bxf5 18. Qxf5 Qd7 19. Qf3 Rfe8 20. Bg5 Nbd5
21. Rfe1 h6 22. Bh4 Rxe1+ 23. Rxe1 Re8 24. Ne4 Rxe4 25. Rxe4 Nxe4 26. Qxe4 g5
27. Bg3 Bxg3 28. fxg3 a6 29. Bc2 Nf6 30. Qe5 Kg7 31. Bf5 Qd8 32. b3 Qb6 33. Bc2
Qb4 34. h4 Qd2 35. hxg5 hxg5 36. Bf5 Qd1+ 1/2-1/2

[Event "4NCL/Div4/MET vs. NOTT1"]
[Site "Sunningdale ENG"]
[Date "2007.02.10"]
[Round "5.5"]
[White "Djabri, Zafer M"]
[Black "Lakhani, Kishan"]
[Result "1-0"]
[WhiteElo "2071"]
[BlackElo "1968"]
[PlyCount "71"]
[EventDate "2007.02.10"]
[EventType "team"]
[EventRounds "11"]
[EventCountry "ENG"]

1. c4 d6 2. Nc3 g6 3. g3 Bg7 4. Bg2 e5 5. e4 Ne7 6. Nge2 O-O 7. O-O Be6 8. d3
c6 9. Bg5 f6 10. Be3 f5 11. Qd2 Rf7 12. b3 d5 13. cxd5 cxd5 14. exd5 Nxd5 15.
Nxd5 Bxd5 16. Bxd5 Qxd5 17. d4 Rd7 18. Rad1 Qf3 19. Qc2 Nc6 20. d5 Ne7 21. d6
Nc6 22. Qc4+ Kh8 23. Nc3 f4 24. Bc5 b6 25. Rd3 Qg4 26. Bxb6 Rc8 27. Bc7 Nd4 28.
Qa6 Rf8 29. f3 Qh3 30. g4 h5 31. gxh5 Rf5 32. Qc8+ Bf8 33. Rf2 gxh5 34. Ne4
Rg7+ 35. Kh1 Rfg5 36. Qxf8+ 1-0

[Event "4NCL/Div4/MET vs. NOTT1"]
[Site "Sunningdale ENG"]
[Date "2007.02.10"]
[Round "5.6"]
[White "Webster, Richard J"]
[Black "Fegan, Chris"]
[Result "1/2-1/2"]
[WhiteElo "1976"]
[BlackElo "2058"]
[PlyCount "54"]
[EventDate "2007.02.10"]
[EventType "team"]
[EventRounds "11"]
[EventCountry "ENG"]

1. c4 c6 2. Nf3 d5 3. b3 Nf6 4. Bb2 g6 5. g3 Bg7 6. Bg2 dxc4 7. bxc4 Qb6 8. Bd4
Qb4 9. Qb3 Na6 10. Qxb4 Nxb4 11. Na3 O-O 12. O-O Ne4 13. Bxg7 Kxg7 14. Rfb1 a5
15. Rb2 Rd8 16. Rc1 Bg4 17. Ne5 Nf6 18. Nxg4 Nxg4 19. Nb1 Rab8 20. d3 Ne5 21.
Rc3 e6 22. Nd2 Nexd3 23. exd3 Nxd3 24. Rbc2 Nb4 25. Rb2 Nd3 26. Rbc2 Nb4 27.
Rb2 Nd3 1/2-1/2

[Event "4NCL/Div4/JUTK vs. OXF2"]
[Site "Sunningdale ENG"]
[Date "2007.02.10"]
[Round "5.1"]
[White "Cooley, Chris"]
[Black "Dickinson, Timothy R"]
[Result "1-0"]
[WhiteElo "2255"]
[BlackElo "2210"]
[PlyCount "71"]
[EventDate "2007.02.10"]
[EventType "team"]
[EventRounds "11"]
[EventCountry "ENG"]

1. e4 c6 2. d4 d5 3. e5 Bf5 4. Nf3 e6 5. Be3 Ne7 6. Nbd2 Nd7 7. h3 h6 8. Nb3
Bh7 9. g4 Ng6 10. Qd2 a5 11. a4 Bb4 12. c3 Be7 13. Bd3 Nb6 14. Qc2 Nh4 15. Bxh7
Nxf3+ 16. Ke2 Nh4 17. Bd3 O-O 18. Rh2 f6 19. f4 Nc4 20. exf6 Rxf6 21. Bxc4 dxc4
22. Nd2 Qd5 23. Rf1 Raf8 24. Ne4 R6f7 25. Rhf2 b5 26. axb5 cxb5 27. Nd2 b4 28.
cxb4 Rc8 29. bxa5 Qb5 30. Kd1 Bb4 31. Qe4 Bxa5 32. Qxe6 Re8 33. Qxc4 Qxb2 34.
Nf3 Qa1+ 35. Kc2 Qa3 36. Ne5 1-0